000 00530nam a22001937a 4500
003 KOHA_MİRAKIL
005 20251224150838.0
008 251224b tu ||||| |||| 00| 0 tur d
020 _a9786059763233
040 _aTR-AnABB
_btur
_cTR-AnABB
041 _atur
082 _a787.2
_bNAZ 2020
100 1 _aNazarov, Fattakh,
245 1 0 _aKeman ve piyano için parçalar /
_cFattakh Nazarov
260 _aAnkara :
_bİzge Basın Yayın,
_c2020
300 _a31 sayfa ;
_c30 cm
650 0 4 _aKeman
942 _2ddc
_cBK
999 _c9941
_d9941
900 _bGizem YORULMAZ